[Event "Mittelfrank Regionalliga Nord-West 2122"]
[Site "Mittelfranken"]
[Date "2022.05.29"]
[Round "9.7"]
[White "Rietveld, Leo"]
[Black "Reissner, Andreas"]
[Result "1-0"]
[WhiteElo "1860"]
[BlackElo "1985"]
[PlyCount "77"]
[EventDate "2021.10.24"]
[EventType "team-tourn"]
[EventRounds "9"]
[EventCountry "GER"]
[SourceTitle "EXT 2024"]
[Source "ChessBase"]
[SourceDate "2023.10.10"]
[SourceVersion "1"]
[SourceVersionDate "2023.10.10"]
[SourceQuality "1"]
[WhiteTeam "Aschaffenburg"]
[BlackTeam "Marktleuthen"]
[WhiteTeamCountry "GER"]
[BlackTeamCountry "GER"]

1. e4 d6 2. Nc3 Nf6 3. d4 Nbd7 4. f4 c6 5. Nf3 Qc7 6. e5 Nd5 7. Ne4 dxe5 8. fxe5 e6 9. Bd3 c5 10. c3 f6 11. exf6 gxf6 12. 0-0 Bd6 13. Nfg5 Bxh2+ 14. Kh1 Nf8 15. Qh5+ Ng6 16. Nxf6+ Nxf6 17. Bxg6+ Ke7 18. Qh6 Bd7 19. Qg7+ Kd6 20. Bf7 Nd5 21. Kxh2 Kc6+ 22. Qe5 Raf8 23. Bd2 h6 24. Qxc7+ Nxc7 25. Ne4 c4 26. b3 b5 27. Bh5 Rf5 28. Ng3 Rff8 29. Be2 cxb3 30. axb3 a6 31. Bf3+ Kb6 32. c4 Ne8 33. Bb4 Rf4 34. Bc5+ Kc7 35. Rxa6 Rh4+ 36. Kg1 Bc8 37. Ra7+ Kb8 38. Rfa1 Nc7 39. Bd6 1-0

[Event "Maastricht Limburg op-B 9th"]
[Site "Maastricht"]
[Date "2015.05.25"]
[Round "6"]
[White "Rietveld, Leo"]
[Black "Mossin, Ivar Alexander"]
[Result "1/2-1/2"]
[WhiteElo "1998"]
[BlackElo "1757"]
[PlyCount "102"]
[EventDate "2015.05.22"]
[EventType "swiss"]
[EventRounds "7"]
[EventCountry "NED"]
[SourceTitle "EXT 2016"]
[Source "ChessBase"]
[SourceDate "2015.10.08"]
[SourceVersion "1"]
[SourceVersionDate "2015.10.08"]
[SourceQuality "1"]

1. e4 e6 2. d4 d5 3. Nc3 Bb4 4. e5 c5 5. a3 Bxc3+ 6. bxc3 Ne7 7. Qg4 Qc7 8. Bd3 cxd4 9. Ne2 dxc3 10. Qxg7 Rg8 11. Qxh7 Qxe5 12. h4 Bd7 13. Bf4 Qh8 14. Qxh8 Rxh8 15. Be5 Rh6 16. Bg7 Ng8 17. Bxh6 Nxh6 18. Nxc3 Nc6 19. 0-0-0 f5 20. Nb5 Ke7 21. Rhe1 Kf6 22. f4 Rg8 23. Bf1 Rg4 24. g3 Rxg3 25. c4 a6 26. cxd5 axb5 27. dxc6 Bxc6 28. Rd6 Bd5 29. Re5 Rg1 30. Rexd5 Rxf1+ 31. Kb2 Nf7 32. Rb6 Rxf4 33. Rdxb5 Rxh4 34. Rb4 Rh2+ 35. Kc3 Rh3+ 36. Kb2 Rh2+ 37. Kc1 Nd8 38. a4 Rh1+ 39. Kb2 Rd1 40. Kc3 Rd7 41. Rd4 Rc7+ 42. Rc4 Rd7 43. a5 Kg5 44. Rb1 f4 45. Rg1+ Kf5 46. Rg8 e5 47. Rc8 Nc6 48. a6 bxa6 49. Rxc6 Ke4 50. Re6 Rd3+ 51. Kc2 Re3 1/2-1/2

[Event "Maastricht Limburg op-B 8th"]
[Site "Maastricht"]
[Date "2014.06.06"]
[Round "1"]
[White "Rietveld, Leo"]
[Black "Freer, Robert"]
[Result "0-1"]
[WhiteElo "2001"]
[BlackElo "1863"]
[PlyCount "116"]
[EventDate "2014.06.06"]
[EventType "swiss"]
[EventRounds "7"]
[EventCountry "NED"]
[SourceTitle "EXT 2015"]
[Source "ChessBase"]
[SourceDate "2014.11.20"]
[SourceVersion "1"]
[SourceVersionDate "2014.11.20"]
[SourceQuality "1"]

1. d4 Nf6 2. Nc3 d5 3. e4 e6 4. Bg5 Be7 5. e5 Nfd7 6. h4 c5 7. Bxe7 Qxe7 8. Nb5 0-0 9. c3 Nc6 10. Nf3 f6 11. exf6 Nxf6 12. Be2 a6 13. Na3 cxd4 14. cxd4 Qb4+ 15. Qd2 Qxd2+ 16. Kxd2 Ne4+ 17. Ke3 Ne7 18. Bd3 Nf5+ 19. Ke2 Nfd6 20. Rac1 Bd7 21. Nb1 Bb5 22. Rhd1 Rac8 23. Bxb5 Nxb5 24. Ke3 Nbd6 25. Ke2 h6 26. Nbd2 g6 27. Nf1 Nc4 28. Rc2 Ncd6 29. Rdc1 Rxc2+ 30. Rxc2 Rf7 31. Ne3 h5 32. Ke1 Kg7 33. Ne5 Re7 34. g3 Nb5 35. Nf3 Rf7 36. Ke2 Rxf3 37. Kxf3 Nxd4+ 38. Kg2 Nxc2 39. Nxc2 Kf6 40. f3 Nc5 41. Kf1 Nd3 42. b4 Ke7 43. a3 Kd6 44. Ke2 Ne5 45. f4 Ng4 46. Nd4 e5 47. fxe5+ Nxe5 48. Nc2 Nc4 49. a4 Ke5 50. a5 Ke4 51. Ne1 Ne5 52. Ng2 d4 53. Nf4 d3+ 54. Kd1 Kf3 55. Ne6 Ke3 56. Nc5 Ng4 57. Nb3 Nf2+ 58. Ke1 Ne4 0-1

[Event "Maastricht Limburg op-A 7th"]
[Site "Maastricht"]
[Date "2013.05.19"]
[Round "5"]
[White "Groot, Simon"]
[Black "Rietveld, Leo"]
[Result "1/2-1/2"]
[WhiteElo "2045"]
[BlackElo "2034"]
[PlyCount "48"]
[EventDate "2013.05.17"]
[EventType "swiss"]
[EventRounds "7"]
[EventCountry "NED"]
[SourceTitle "EXT 2014"]
[Source "ChessBase"]
[SourceDate "2013.11.20"]
[SourceVersion "1"]
[SourceVersionDate "2013.11.20"]
[SourceQuality "1"]

1. e4 d5 2. exd5 Nf6 3. Bb5+ Bd7 4. Bc4 b5 5. Bb3 Bg4 6. f3 Bc8 7. Ne2 c6 8. dxc6 Nxc6 9. d4 e6 10. 0-0 Be7 11. Nbc3 Qb6 12. Kh1 0-0 13. Ne4 a5 14. c3 Ba6 15. Bc2 b4 16. Bd3 Rfd8 17. Bxa6 Qxa6 18. Qe1 e5 19. Be3 bxc3 20. bxc3 Rab8 21. N2g3 exd4 22. Bxd4 Nxd4 23. cxd4 Rb2 24. Nf5 Qe6 1/2-1/2

[Event "Maastricht Limburg op-A 7th"]
[Site "Maastricht"]
[Date "2013.05.18"]
[Round "3"]
[White "Rietveld, Leo"]
[Black "Surewaard, Wilbert"]
[Result "1/2-1/2"]
[WhiteElo "2034"]
[BlackElo "2158"]
[PlyCount "40"]
[EventDate "2013.05.17"]
[EventType "swiss"]
[EventRounds "7"]
[EventCountry "NED"]
[SourceTitle "EXT 2014"]
[Source "ChessBase"]
[SourceDate "2013.11.20"]
[SourceVersion "1"]
[SourceVersionDate "2013.11.20"]
[SourceQuality "1"]

1. d4 Nf6 2. c4 g6 3. Nc3 Bg7 4. e4 d6 5. Nf3 0-0 6. Be2 Nc6 7. 0-0 e5 8. d5 Ne7 9. Ne1 Nd7 10. Nd3 f5 11. Bd2 Nf6 12. f3 f4 13. c5 g5 14. Rc1 Ng6 15. cxd6 cxd6 16. Nb5 Rf7 17. Qc2 Ne8 18. a4 h5 19. Nf2 Bf8 20. h3 Rg7 1/2-1/2

[Event "Roosendaal LBV op-A"]
[Site "Roosendaal"]
[Date "2012.08.17"]
[Round "3"]
[White "Rietveld, Leo"]
[Black "Eerens, Pim"]
[Result "1/2-1/2"]
[WhiteElo "2034"]
[BlackElo "2180"]
[PlyCount "51"]
[EventDate "2012.08.16"]
[EventType "swiss"]
[EventRounds "6"]
[EventCountry "NED"]
[SourceTitle "CBM 150 Extra"]
[Source "ChessBase"]
[SourceDate "2012.10.19"]
[SourceVersion "1"]
[SourceVersionDate "2012.10.19"]
[SourceQuality "1"]

1. e4 e6 2. d4 d5 3. Nc3 Bb4 4. a3 Bxc3+ 5. bxc3 dxe4 6. Qg4 Nf6 7. Qxg7 Rg8 8. Qh6 Nbd7 9. Ne2 b6 10. Bg5 Qe7 11. Ng3 Rg6 12. Qh4 Bb7 13. Bb5 c6 14. Be2 Qf8 15. Bxf6 Nxf6 16. Nxe4 Nxe4 17. Qxe4 0-0-0 18. Bf3 Qd6 19. 0-0 f5 20. Qe5 Qxe5 21. dxe5 c5 22. Bxb7+ Kxb7 23. Rad1 Rgg8 24. f4 Kc6 25. Kf2 Rd5 26. Rd3 1/2-1/2

[Event "Roosendaal LBV op-A"]
[Site "Roosendaal"]
[Date "2012.08.16"]
[Round "1"]
[White "Rietveld, Leo"]
[Black "Erwich, Frank"]
[Result "0-1"]
[WhiteElo "2034"]
[BlackElo "2359"]
[PlyCount "46"]
[EventDate "2012.08.16"]
[EventType "swiss"]
[EventRounds "6"]
[EventCountry "NED"]
[SourceTitle "CBM 150 Extra"]
[Source "ChessBase"]
[SourceDate "2012.10.19"]
[SourceVersion "1"]
[SourceVersionDate "2012.10.19"]
[SourceQuality "1"]

1. d4 d6 2. Nc3 Nf6 3. e4 e5 4. dxe5 dxe5 5. Qxd8+ Kxd8 6. Nf3 Bd6 7. Bg5 Nbd7 8. Bc4 Ke8 9. 0-0-0 a6 10. a3 h6 11. Bh4 Kf8 12. h3 g5 13. Bg3 Kg7 14. Nd2 b5 15. Be2 Nc5 16. h4 Bb7 17. hxg5 hxg5 18. Nf3 Rxh1 19. Rxh1 Ncxe4 20. Nxe4 Nxe4 21. Bxe5+ Bxe5 22. Nxe5 Re8 23. Nd3 Nxf2 0-1

[Event "Vlissingen HZ op 15th"]
[Site "Vlissingen"]
[Date "2011.07.31"]
[Round "2"]
[White "Rietveld, Leo"]
[Black "Van Haastert, Edwin"]
[Result "0-1"]
[WhiteElo "2062"]
[BlackElo "2421"]
[PlyCount "48"]
[EventDate "2011.07.30"]
[EventType "swiss"]
[EventRounds "9"]
[EventCountry "NED"]
[SourceTitle "CBM 143 Extra"]
[Source "ChessBase"]
[SourceDate "2011.08.29"]
[SourceVersion "1"]
[SourceVersionDate "2011.08.29"]
[SourceQuality "1"]

1. d4 c5 2. Nf3 e6 3. c3 Nf6 4. g3 Nc6 5. Bg2 d5 6. 0-0 Be7 7. Nbd2 0-0 8. e3 Qc7 9. Qe2 b6 10. e4 cxd4 11. Nxd4 Nxd4 12. cxd4 a5 13. Re1 Ba6 14. Qe3 dxe4 15. Nxe4 Nd5 16. Qf3 Bb4 17. Nc3 Nxc3 18. bxc3 Qxc3 19. Be3 Rac8 20. d5 exd5 21. Qg4 Rc4 22. Qd7 d4 23. Rec1 dxe3 24. Rxc3 Bxc3 0-1

[Event "Maastricht Limburg op-A 5th"]
[Site "Maastricht"]
[Date "2011.06.12"]
[Round "4"]
[White "Cornelisse, Johnny JA"]
[Black "Rietveld, Leo"]
[Result "1/2-1/2"]
[WhiteElo "2210"]
[BlackElo "2055"]
[PlyCount "119"]
[EventDate "2011.06.10"]
[EventType "swiss"]
[EventRounds "7"]
[EventCountry "NED"]
[SourceTitle "CBM 142 Extra"]
[Source "ChessBase"]
[SourceDate "2011.06.27"]
[SourceVersion "1"]
[SourceVersionDate "2011.06.27"]
[SourceQuality "1"]

1. c4 e6 2. g3 Nf6 3. Bg2 d5 4. Nf3 c5 5. cxd5 exd5 6. d4 Nc6 7. 0-0 Bd6 8. dxc5 Bxc5 9. Bg5 Be6 10. Nc3 Be7 11. Qa4 0-0 12. Rfd1 Qb6 13. Qb5 h6 14. Bf4 Bc5 15. Qxb6 axb6 16. Ne5 Rfd8 17. Nd3 d4 18. Nb5 Rxa2 19. Rxa2 Bxa2 20. Rc1 Bd5 21. Nxc5 bxc5 22. Rxc5 g5 23. Bc7 Rd7 24. f3 Bb3 25. Bf1 Ba4 26. Be5 Nxe5 27. Rxe5 Kg7 28. Kf2 g4 29. Ke1 gxf3 30. exf3 Bxb5 31. Bxb5 Rd5 32. Rxd5 Nxd5 33. Kd2 Nb4 34. h4 Kf6 35. Bc4 Ke7 36. g4 f6 37. f4 b6 38. Bd3 Nd5 39. g5 fxg5 40. fxg5 hxg5 41. hxg5 Nf4 42. Bf5 Kd6 43. b3 Ke5 44. Bd7 Kd6 45. Bc8 Ke5 46. Bg4 Kd6 47. b4 Ke5 48. b5 Kd6 49. Bf5 Ke5 50. Bd7 Kd6 51. Bc6 Ke5 52. Be8 Kf5 53. g6 Nxg6 54. Kd3 Ne7 55. Kxd4 Ke6 56. Kc4 Kd6 57. Bh5 Nc8 58. Bg4 Na7 59. Bh3 Nxb5 60. Kxb5 1/2-1/2

[Event "Maastricht Limburg op"]
[Site "Maastricht"]
[Date "2008.05.12"]
[Round "7"]
[White "Geuss, Paul"]
[Black "Rietveld, Leo"]
[Result "1/2-1/2"]
[WhiteElo "2171"]
[BlackElo "2033"]
[PlyCount "40"]
[EventDate "2008.05.09"]
[EventType "swiss"]
[EventRounds "7"]
[EventCountry "NED"]
[SourceTitle "EXT 2009"]
[Source "ChessBase"]
[SourceDate "2008.11.26"]
[SourceVersion "1"]
[SourceVersionDate "2008.11.26"]
[SourceQuality "1"]

1. e4 d5 2. exd5 Nf6 3. Nf3 Qxd5 4. d4 Bg4 5. Be2 Nc6 6. h3 Bxf3 7. Bxf3 Qd6 8. 0-0 g6 9. c3 Bg7 10. Qb3 Nd8 11. Nd2 0-0 12. Nc4 Qd7 13. Ne5 Qc8 14. Re1 a5 15. a4 Ra6 16. Bf4 Rb6 17. Qc2 Ne6 18. Bg3 Rd8 19. Nc4 Ra6 20. Rad1 Ng5 1/2-1/2

[Event "Maastricht Limburg op"]
[Site "Maastricht"]
[Date "2008.05.11"]
[Round "4"]
[White "Rietveld, Leo"]
[Black "Bus, Tom"]
[Result "1-0"]
[WhiteElo "2033"]
[BlackElo "2252"]
[PlyCount "103"]
[EventDate "2008.05.09"]
[EventType "swiss"]
[EventRounds "7"]
[EventCountry "NED"]
[SourceTitle "EXT 2009"]
[Source "ChessBase"]
[SourceDate "2008.11.26"]
[SourceVersion "1"]
[SourceVersionDate "2008.11.26"]
[SourceQuality "1"]

1. d4 Nf6 2. Nc3 c5 3. Nf3 cxd4 4. Qxd4 Nc6 5. Qh4 e6 6. Bg5 Be7 7. e3 a6 8. Bd3 b5 9. 0-0 Bb7 10. Rfd1 Nb4 11. e4 h6 12. a3 Nxd3 13. Rxd3 Rg8 14. Bxf6 Bxf6 15. Qg4 g5 16. Nd4 Qb6 17. Rad1 0-0-0 18. b4 Be5 19. Nb3 h5 20. Qe2 g4 21. a4 h4 22. axb5 axb5 23. Nxb5 g3 24. Nd6+ Bxd6 25. Rxd6 Qxf2+ 26. Qxf2 gxf2+ 27. Kxf2 Bxe4 28. g3 hxg3+ 29. hxg3 Bd5 30. Nc5 Kc7 31. Ra6 Ra8 32. c4 d6 33. cxd5 dxc5 34. Rxa8 Rxa8 35. bxc5 exd5 36. Rxd5 Kc6 37. Rf5 Ra3 38. Kg2 Rc3 39. Kh3 Rxc5 40. Rxf7 Kd6 41. g4 Ke6 42. Rf3 Ra5 43. Kh4 Ke7 44. g5 Ke8 45. Kh5 Ra6 46. g6 Ra1 47. Kh6 Rh1+ 48. Kg7 Rh2 49. Rf8+ Ke7 50. Rh8 Rf2 51. Rh7 Rg2 52. Kh8+ 1-0

[Event "Maastricht Limburg op"]
[Site "Maastricht"]
[Date "2008.05.10"]
[Round "3"]
[White "Koenig, Christian"]
[Black "Rietveld, Leo"]
[Result "1/2-1/2"]
[WhiteElo "2174"]
[BlackElo "2033"]
[PlyCount "46"]
[EventDate "2008.05.09"]
[EventType "swiss"]
[EventRounds "7"]
[EventCountry "NED"]
[SourceTitle "EXT 2009"]
[Source "ChessBase"]
[SourceDate "2008.11.26"]
[SourceVersion "1"]
[SourceVersionDate "2008.11.26"]
[SourceQuality "1"]

1. d4 g6 2. c4 Nf6 3. Nc3 d5 4. cxd5 Nxd5 5. e4 Nxc3 6. bxc3 c5 7. Nf3 Bg7 8. Rb1 0-0 9. Be2 Nc6 10. d5 Ne5 11. Nxe5 Bxe5 12. Qd2 e6 13. f4 Bc7 14. 0-0 Re8 15. Bb5 Re7 16. c4 Ba5 17. Qf2 exd5 18. exd5 Bc3 19. Qxc5 Re2 20. Qa3 Bd4+ 21. Kh1 Bf5 22. Rb2 Bxb2 23. Bxb2 Be4 1/2-1/2

[Event "Maastricht Limburg op"]
[Site "Maastricht"]
[Date "2008.05.10"]
[Round "2"]
[White "Rietveld, Leo"]
[Black "Clemens, Adrian HP"]
[Result "1/2-1/2"]
[WhiteElo "2033"]
[BlackElo "2326"]
[PlyCount "87"]
[EventDate "2008.05.09"]
[EventType "swiss"]
[EventRounds "7"]
[EventCountry "NED"]
[SourceTitle "EXT 2009"]
[Source "ChessBase"]
[SourceDate "2008.11.26"]
[SourceVersion "1"]
[SourceVersionDate "2008.11.26"]
[SourceQuality "1"]

1. d4 Nf6 2. Nc3 d5 3. e4 dxe4 4. f3 exf3 5. Nxf3 g6 6. Bf4 Bg7 7. Qd2 0-0 8. 0-0-0 Nbd7 9. h3 Nb6 10. Ne5 Be6 11. Bh6 a6 12. Ng4 Bxh6 13. Qxh6 Nbd5 14. Nxd5 Qxd5 15. Nxf6+ exf6 16. Bd3 Qg5+ 17. Qxg5 fxg5 18. h4 gxh4 19. Rxh4 Kg7 20. c4 c6 21. Kc2 h5 22. Be2 Rfd8 23. Kc3 Rd7 24. Rd2 Rad8 25. a4 a5 26. b4 axb4+ 27. Kxb4 Kf6 28. Kc5 Ra8 29. Bd1 Ra5+ 30. Kb4 Rg5 31. Rf4+ Ke7 32. Bf3 Kd6 33. a5 Rf5 34. Rh4 Kc7 35. c5 Bd5 36. Bxd5 Rfxd5 37. Kc4 Re7 38. Rh1 Re4 39. Rb2 Re3 40. Ra1 Rg5 41. a6 bxa6 42. Rxa6 Reg3 43. Rf2 f5 44. Rb2 1/2-1/2

[Event "Tilburg Stukkenjagers op-B"]
[Site "Tilburg"]
[Date "2006.08.19"]
[Round "3"]
[White "Rietveld, Leo"]
[Black "Looy, Gijsbert"]
[Result "1/2-1/2"]
[WhiteElo "1880"]
[BlackElo "1745"]
[PlyCount "35"]
[EventDate "2006.08.??"]
[EventType "swiss"]
[EventRounds "6"]
[EventCountry "NED"]
[SourceTitle "CBM 113 Extra"]
[Source "ChessBase"]
[SourceDate "2006.09.14"]
[SourceVersion "1"]
[SourceVersionDate "2006.09.14"]
[SourceQuality "1"]

1. d4 d5 2. e4 c6 3. Nc3 dxe4 4. f3 e5 5. Be3 Bb4 6. a3 Ba5 7. Bc4 Nf6 8. dxe5 Nd5 9. Bxd5 Bxc3+ 10. bxc3 cxd5 11. fxe4 Qh4+ 12. g3 Qxe4 13. Qf3 0-0 14. Qxe4 dxe4 15. Ne2 Bg4 16. Nf4 Nc6 17. Rb1 b6 18. Rb5 1/2-1/2

[Event "Canarias en Red prel 4th"]
[Site "Playchess.com INT"]
[Date "2004.05.06"]
[Round "6"]
[White "Labahn, Wolfgang"]
[Black "Rietveld, Leo"]
[Result "1-0"]
[WhiteElo "2207"]
[BlackElo "2033"]
[PlyCount "77"]
[EventDate "2004.05.06"]
[EventType "swiss (blitz)"]
[EventRounds "13"]
[EventCountry "GER"]
[SourceTitle "EXT 2005"]
[Source "ChessBase"]
[SourceDate "2004.11.15"]
[SourceVersion "1"]
[SourceVersionDate "2004.11.15"]
[SourceQuality "1"]

1. d4 Nf6 2. c4 g6 3. Nc3 d5 4. g4 c6 5. g5 Ne4 6. Nxe4 dxe4 7. Bg2 e5 8. dxe5 Qxd1+ 9. Kxd1 Bf5 10. f4 exf3 11. exf3 Nd7 12. f4 0-0-0 13. Ke1 Bb4+ 14. Kf2 Nb6 15. a3 Bc5+ 16. Kg3 Nxc4 17. b4 Bd4 18. Ra2 h5 19. h4 Be6 20. Rc2 Bb6 21. Nf3 Rd3 22. Bf1 Rhd8 23. Bxd3 Rxd3 24. a4 Rxf3+ 25. Kxf3 Bd5+ 26. Kg3 Bxh1 27. Rxc4 Bd5 28. Rc2 Bb3 29. Rc3 Bxa4 30. Be3 Bxe3 31. Rxe3 Kd7 32. Rd3+ Ke7 33. Ra3 b5 34. Kf3 Ke6 35. Ke4 a6 36. Kd4 Kd7 37. Kc5 Kc7 38. Re3 Bb3 39. Rxb3 1-0

[Event "Canarias en Red prel 4th"]
[Site "Playchess.com INT"]
[Date "2004.05.06"]
[Round "12"]
[White "Rietveld, Leo"]
[Black "Heinrichsen, Peter"]
[Result "0-1"]
[WhiteElo "2033"]
[BlackElo "1966"]
[PlyCount "48"]
[EventDate "2004.05.06"]
[EventType "swiss (blitz)"]
[EventRounds "13"]
[EventCountry "GER"]
[SourceTitle "EXT 2005"]
[Source "ChessBase"]
[SourceDate "2004.11.15"]
[SourceVersion "1"]
[SourceVersionDate "2004.11.15"]
[SourceQuality "1"]

1. d4 Nf6 2. Nc3 g6 3. e4 d6 4. f4 Bg7 5. Nf3 0-0 6. e5 dxe5 7. fxe5 Nfd7 8. Bf4 e6 9. Qd2 Nb6 10. 0-0-0 Nd5 11. Bh6 Nxc3 12. bxc3 c5 13. Qf4 Qa5 14. Rd3 Qxa2 15. Qh4 f6 16. exf6 Rxf6 17. Ng5 Qa1+ 18. Kd2 Rxf1 19. Rxf1 Qxf1 20. Bxg7 Qxg2+ 21. Kc1 Kxg7 22. Qxh7+ Kf6 23. Qh4 Qxg5+ 24. Qxg5+ Kxg5 0-1